Central Library OPAC University of Rajshahi

Vision creates hope : (Record no. 64292)

MARC details
000 -LEADER
fixed length control field 00800nam a2200241 a 4500
001 - CONTROL NUMBER
control field 64292
003 - CONTROL NUMBER IDENTIFIER
rucl marc code BD-RjUL
005 - DATE AND TIME OF LATEST TRANSACTION
control field 20211209081306.0
008 - FIXED-LENGTH DATA ELEMENTS--GENERAL INFORMATION
fixed length control field 170213s1986 bg 001 0 eng
020 ## - INTERNATIONAL STANDARD BOOK NUMBER
Terms of availability Tk150.00
035 ## - SYSTEM CONTROL NUMBER
System control number (BD-RjUL)64422
040 ## - CATALOGING SOURCE
Original cataloging agency DLC
Transcribing agency DLC
Modifying agency BD-RjUL
Language of cataloging eng
041 ## - LANGUAGE CODE
Language code of text/sound track or separate title eng
082 00 - DEWEY DECIMAL CLASSIFICATION NUMBER
Edition number 23
Classification number 330.91724
Author mark and year HOV 1986
100 1# - MAIN ENTRY--PERSONAL NAME
Personal name Holzhausen, Walter,
Dates associated with a name 1929-
9 (RLIN) 190924
245 10 - TITLE STATEMENT
Title Vision creates hope :
Remainder of title reflections on development issues in developing countries and in Bangladesh /
Statement of responsibility, etc. Walter Holzhausen.
260 ## - PUBLICATION, DISTRIBUTION, ETC. (IMPRINT)
Place of publication, distribution, etc. Dhaka, Bangladesh :
Name of publisher, distributor, etc. University Press,
Date of publication, distribution, etc. c1986.
300 ## - PHYSICAL DESCRIPTION
Pagination viii, 118 p. ;
Size 22 cm.
500 ## - GENERAL NOTE
General note Includes index.
651 #0 - SUBJECT ADDED ENTRY--GEOGRAPHIC NAME
Geographic name Developing countries
General subdivision Economic conditions.
9 (RLIN) 174336
Geographic name Bangladesh
General subdivision Economic conditions.
9 (RLIN) 174005
942 ## - ADDED ENTRY ELEMENTS (KOHA)
Source of classification or shelving scheme Dewey Decimal Classification
Koha item type Books
Holdings
Lost status Source of classification or shelving scheme Damaged status Not for loan Collection code Permanent Location Current Location Shelving location Date acquired Source of acquisition Cost, normal purchase price Total Checkouts Full call number Date last seen Copy number Koha item type
  Dewey Decimal Classification   Not For Loan Non-fiction Central Library, University of Rajshahi Central Library, University of Rajshahi Reading Room 07/10/1988 Uttar Bongo Library, Rajshahi 150.00   330.91724 HOV 1986 13/02/2017 C-1 Books